[Event "BL2-West 1213"]
[Site "Germany"]
[Date "2013.01.13"]
[Round "5.6"]
[White "Kalka, Arkadius Georg"]
[Black "Stahnecker, Ludwig"]
[Result "1-0"]
[WhiteElo "2349"]
[BlackElo "2110"]
[PlyCount "117"]
[EventDate "2012.10.14"]
[EventType "team-tourn"]
[EventRounds "9"]
[EventCountry "GER"]
[SourceTitle "CBM 154 Extra"]
[Source "ChessBase"]
[SourceDate "2013.06.25"]
[SourceVersion "2"]
[SourceVersionDate "2013.06.25"]
[SourceQuality "1"]
[WhiteTeam "Dortmund Hansa"]
[BlackTeam "Koblenz"]
[WhiteTeamCountry "GER"]
[BlackTeamCountry "GER"]

1. c4 Nf6 2. Nc3 e5 3. Nf3 Nc6 4. a3 a5 5. d4 exd4 6. Nxd4 Bc5 7. Nb3 Be7 8. e4 0-0 9. Be2 Re8 10. 0-0 Bf8 11. f3 d6 12. Bg5 h6 13. Bh4 g5 14. Bf2 Bg7 15. Qd2 Ne5 16. Rad1 Ng6 17. c5 Be6 18. Qc2 Qe7 19. cxd6 cxd6 20. Nd4 Rec8 21. Qd2 Nf4 22. Nxe6 Qxe6 23. Bb5 Ne8 24. Na4 Nc7 25. Bd3 Nxd3 26. Qxd3 Rf8 27. Bb6 Rfc8 28. Bd4 Bxd4+ 29. Qxd4 Ra6 30. Nb6 Rd8 31. Rd2 Nb5 32. Qf2 Nc7 33. Rfd1 Ne8 34. Qd4 Nc7 35. h3 Re8 36. Rc1 Nb5 37. Qf2 Qb3 38. Nd5 Re6 39. Rc8+ Kg7 40. Rb8 Rc6 41. Rxb7 Rc5 42. f4 g4 43. hxg4 Rxe4 44. Nc3 Rxc3 45. bxc3 Qc4 46. Rxb5 Qxb5 47. Rxd6 Qb1+ 48. Kh2 Qc1 49. Rd4 Re1 50. Rc4 Rh1+ 51. Kg3 h5 52. Qd4+ Kh7 53. Qe4+ Kg7 54. Qe5+ Kh7 55. gxh5 Qg1 56. Qe4+ Kg7 57. Qd4+ Qxd4 58. cxd4 Rxh5 59. Rc5 1-0

[Event "Melbourne Australasian IM"]
[Site "Melbourne"]
[Date "2012.12.15"]
[Round "8"]
[White "West, Guy"]
[Black "Kalka, Arkadius Georg"]
[Result "1-0"]
[WhiteElo "2333"]
[BlackElo "2349"]
[PlyCount "65"]
[EventDate "2012.12.08"]
[EventType "tourn"]
[EventRounds "9"]
[EventCountry "AUS"]
[EventCategory "2"]
[SourceTitle "EXT 2023"]
[Source "ChessBase"]
[SourceDate "2022.10.05"]
[SourceVersion "1"]
[SourceVersionDate "2022.10.05"]
[SourceQuality "1"]

1. e4 e5 2. Nf3 Nc6 3. d4 exd4 4. Bc4 Nf6 5. e5 d5 6. Bb5 Ne4 7. Nxd4 Bc5 8. 0-0 0-0 9. Bxc6 bxc6 10. Be3 Qe8 11. Nc3 f6 12. Nxe4 dxe4 13. exf6 Rxf6 14. Ne2 Bxe3 15. fxe3 Rxf1+ 16. Qxf1 Ba6 17. Qe1 Rd8 18. Nc3 c5 19. Rd1 Rd6 20. Rd2 Bb7 21. Rf2 h6 22. h3 Rb6 23. b3 Rd6 24. Na4 c4 25. Nc5 Bd5 26. Qc3 cxb3 27. axb3 Bf7 28. Rd2 Rxd2 29. Qxd2 Bg6 30. Qd5+ Kh7 31. Qd4 Qc6 32. b4 Qb5 33. Ne6 1-0

[Event "Melbourne Australasian IM"]
[Site "Melbourne"]
[Date "2012.12.11"]
[Round "4"]
[White "Smirnov, Vladimir"]
[Black "Kalka, Arkadius Georg"]
[Result "1/2-1/2"]
[WhiteElo "2399"]
[BlackElo "2349"]
[PlyCount "23"]
[EventDate "2012.12.08"]
[EventType "tourn"]
[EventRounds "9"]
[EventCountry "AUS"]
[EventCategory "2"]
[SourceTitle "EXT 2023"]
[Source "ChessBase"]
[SourceDate "2022.10.05"]
[SourceVersion "1"]
[SourceVersionDate "2022.10.05"]
[SourceQuality "1"]

1. d4 Nf6 2. Nf3 d5 3. c4 e6 4. e3 Be7 5. Nbd2 b6 6. Bd3 Bb7 7. b3 0-0 8. Bb2 c5 9. 0-0 Nc6 10. Qe2 a5 11. cxd5 exd5 12. Bb5 1/2-1/2

[Event "BEL-chT 1112"]
[Site "Belgium"]
[Date "2012.03.04"]
[Round "9.4"]
[White "Broekmeulen, Jasper"]
[Black "Kalka, Arkadius Georg"]
[Result "1-0"]
[WhiteElo "2388"]
[BlackElo "2365"]
[PlyCount "105"]
[EventDate "2011.10.09"]
[EventType "team-tourn"]
[EventRounds "11"]
[EventCountry "BEL"]
[SourceTitle "EXT 2013"]
[Source "ChessBase"]
[SourceDate "2012.11.22"]
[SourceVersion "1"]
[SourceVersionDate "2012.11.22"]
[SourceQuality "1"]
[WhiteTeam "Amay"]
[BlackTeam "Eupen Rochade"]
[WhiteTeamCountry "BEL"]
[BlackTeamCountry "BEL"]

1. e4 c5 2. Nf3 d6 3. d4 cxd4 4. Nxd4 Nf6 5. Nc3 g6 6. Be3 Bg7 7. f3 Nc6 8. Qd2 0-0 9. g4 Bxg4 10. fxg4 Nxg4 11. Bg1 e6 12. h4 h5 13. Nxc6 bxc6 14. Be2 Qb8 15. Bd4 Bh6 16. Qd3 c5 17. Bg1 c4 18. Qxc4 d5 19. Qd3 dxe4 20. Nxe4 Rd8 21. Qb3 Qe5 22. Ng5 Bxg5 23. hxg5 Qxg5 24. Qf3 Qd2+ 25. Kf1 Qxc2 26. Rd1 Qxb2 27. Bd4 Qxa2 28. Qxg4 e5 29. Bxe5 Rxd1+ 30. Bxd1 Rd8 31. Be2 Kf8 32. Qb4+ Kg8 33. Rg1 Qc2 34. Qf4 Qb1+ 35. Kf2 Qb6+ 36. Qe3 Qe6 37. Bf4 Qd5 38. Qf3 Qc5+ 39. Qe3 Qd5 40. Qg3 Qc5+ 41. Be3 Qa5 42. Qf4 Rd5 43. Rg5 Rxg5 44. Qxg5 Qc7 45. Bd4 Kf8 46. Qc5+ Qxc5 47. Bxc5+ Kg7 48. Bxa7 f5 49. Kg3 Kf6 50. Bd4+ Kg5 51. Be3+ Kf6 52. Kh4 Ke5 53. Bd3 1-0